¿Terror con terror se paga? (Parte I)
Guardado en:
| Format: | Texto |
|---|---|
| Fag: | |
| Tags: |
Tilføj Tag
Ingen Tags, Vær først til at tagge denne postø!
|
MARC
| LEADER | 00000 a a2200000 04500 | ||
|---|---|---|---|
| 001 | 6536 | ||
| 003 | |||
| 040 | |||
| 245 | |a ¿Terror con terror se paga? (Parte I) | ||
| 650 | |a TERRORISMO | ||
| 650 | |a GUERRA | ||
| 650 | |a VIOLENCIA | ||
| 773 | |g volumen 22, número 973; páginas 8-10 | ||
| 999 | |c 34773 |d 34773 | ||
